| Tag |
First Indicator |
Second Indicator |
Subfields |
| LEADER |
00000ntm a2200000Ii 4500 |
| 001 |
in00004057721 |
| 005 |
20190327134516.0 |
| 008 |
190327s1987 txua bm 000 0 eng d |
| 035 |
|
|
|a (OCoLC)on1090765260
|
| 040 |
|
|
|a TXA
|b eng
|e rda
|c TXA
|
| 035 |
|
|
|a (OCoLC)1090765260
|
| 099 |
|
|
|a 1987
|a Fellows Thesis
|a K654
|
| 049 |
|
|
|a TXAM
|
| 100 |
1 |
|
|a Kokel, Ron W.,
|e author.
|
| 245 |
1 |
0 |
|a Predicting lethal resistance of Tilapia aurea to varying concentrations of ammonia /
|c Ron W. Kokel.
|
| 264 |
|
1 |
|a [College Station, Texas] :
|b [Texas A&M University],
|c [1987]
|
| 300 |
|
|
|a 1 volume :
|b illustrations ;
|c 30 cm
|
| 336 |
|
|
|a text
|b txt
|2 rdacontent
|
| 337 |
|
|
|a unmediated
|b n
|2 rdamedia
|
| 338 |
|
|
|a volume
|b nc
|2 rdacarrier
|
| 502 |
|
|
|b Fellows Thesis
|c Texas A&M University
|d 1987
|
| 500 |
|
|
|a "Major Subject: Wildlife and Fisheries Sciences"
|
| 504 |
|
|
|a Includes bibliographical references.
|
| 650 |
|
4 |
|a Major Wildlife and Fisheries Sciences.
|
| 655 |
|
7 |
|a Academic theses.
|2 lcgft
|
| 710 |
2 |
|
|a Texas A & M University,
|e degree granting institution.
|
| 948 |
|
|
|a cataloged
|b h
|c 2019/3/27
|d o
|e jolivare
|f 1:45:12 pm
|a original cataloging
|
| 994 |
|
|
|a C0
|b TXA
|
| 999 |
f |
f |
|s f7c16f7d-2ddf-3a32-b1ba-3a6a6a7a8dfe
|i 421c0b96-ae26-3d7f-9e28-5aa34780a910
|t 0
|
| 952 |
f |
f |
|p noncirc
|a Texas A&M University
|b J.J. Pickle Campus
|c High Density Repository
|d Remote Storage
|t 0
|e 1987 Fellows Thesis K654
|h Other scheme
|i unmediated -- volume
|m A14850603722
|
| 998 |
f |
f |
|a 1987 Fellows Thesis K654
|t 0
|l Remote Storage
|